[Event "LIB-chT"]
[Site "Beirut"]
[Date "2025.01.16"]
[Round "8.2"]
[White "El Khoury, Brayan"]
[Black "Sursock, Sameer"]
[Result "1-0"]
[WhiteElo "1953"]
[BlackElo "1976"]
[PlyCount "49"]
[EventDate "2025.01.09"]
[EventType "team-tourn"]
[EventRounds "9"]
[EventCountry "LBN"]
[SourceTitle "CB12_2025"]
[SourceDate "2025.03.19"]
[SourceVersion "1"]
[SourceVersionDate "2025.03.19"]
[SourceQuality "1"]
[WhiteTeam "Animation"]
[BlackTeam "Freres"]
[WhiteTeamCountry "LBN"]
[BlackTeamCountry "LBN"]

1. d4 Nf6 2. c4 g6 3. Nc3 Bg7 4. e4 d6 5. Be2 0-0 6. Nf3 Bg4 7. Be3 Nc6 8. d5 Bxf3 9. gxf3 Nb8 10. h4 e5 11. dxe6 fxe6 12. f4 Nc6 13. h5 d5 14. cxd5 exd5 15. e5 Ne4 16. Nxe4 dxe4 17. Qb3+ Kh8 18. hxg6 h6 19. Rd1 Qe7 20. Qxb7 Qb4+ 21. Qxb4 Nxb4 22. a3 Nc6 23. Rc1 Ne7 24. Rxc7 Nd5 25. Rf7 1-0

[Event "LIB-chT"]
[Site "Beirut"]
[Date "2025.01.14"]
[Round "7.1"]
[White "El Khoury, Brayan"]
[Black "Khodashenas, Mersad"]
[Result "0-1"]
[WhiteElo "1953"]
[BlackElo "2465"]
[PlyCount "62"]
[EventDate "2025.01.09"]
[EventType "team-tourn"]
[EventRounds "9"]
[EventCountry "LBN"]
[SourceTitle "CB12_2025"]
[SourceDate "2025.03.19"]
[SourceVersion "1"]
[SourceVersionDate "2025.03.19"]
[SourceQuality "1"]
[WhiteTeam "Animation"]
[BlackTeam "Ansar"]
[WhiteTeamCountry "LBN"]
[BlackTeamCountry "LBN"]

1. d4 d5 2. c4 dxc4 3. e3 e5 4. Bxc4 exd4 5. exd4 Bd6 6. Nf3 Nf6 7. 0-0 0-0 8. Nc3 Nc6 9. h3 h6 10. Be3 Bf5 11. Rc1 a6 12. Re1 Qd7 13. Bf1 Rfe8 14. Nd2 Re7 15. Nc4 Rae8 16. a3 Be4 17. f4 Bxg2 18. Bxg2 Bxf4 19. Ne5 Bxe3+ 20. Rxe3 Qxd4 21. Qxd4 Nxd4 22. Rd1 Nf5 23. Red3 Rxe5 24. Bxb7 a5 25. Bc6 R8e6 26. Rd8+ Kh7 27. Ba4 Ne3 28. R1d3 Rg5+ 29. Kf2 Rf5+ 30. Kg1 Rf1+ 31. Kh2 Rf2+ 0-1

[Event "LIB-chT"]
[Site "Beirut"]
[Date "2025.01.09"]
[Round "1.2"]
[White "Kassis, Antoine"]
[Black "El Khoury, Brayan"]
[Result "1/2-1/2"]
[WhiteElo "2095"]
[BlackElo "1953"]
[PlyCount "64"]
[EventDate "2025.01.09"]
[EventType "team-tourn"]
[EventRounds "9"]
[EventCountry "LBN"]
[SourceTitle "CB12_2025"]
[SourceDate "2025.03.19"]
[SourceVersion "1"]
[SourceVersionDate "2025.03.19"]
[SourceQuality "1"]
[WhiteTeam "Antranik Antelias"]
[BlackTeam "Animation"]
[WhiteTeamCountry "LBN"]
[BlackTeamCountry "LBN"]

1. e4 c6 2. d4 d5 3. exd5 cxd5 4. Bd3 Nc6 5. c3 Nf6 6. Bf4 Bg4 7. Qb3 Na5 8. Qa4+ Bd7 9. Qc2 Rc8 10. Nf3 Nc6 11. a3 a6 12. h3 e6 13. 0-0 Be7 14. Nbd2 0-0 15. Rad1 Qb6 16. Qb1 Na5 17. Ne5 Bb5 18. b4 Nc6 19. Be3 Na7 20. c4 Ba4 21. c5 Qd8 22. f4 g6 23. g4 Bb5 24. f5 exf5 25. gxf5 Nd7 26. fxg6 hxg6 27. Nxg6 fxg6 28. Bxb5 Nxb5 29. Qxg6+ Kh8 30. Qh6+ Kg8 31. Qg6+ Kh8 32. Qh5+ Kg8 1/2-1/2